000 00473ntaaa2200181 4500
003 01
005 20251027202936.0
008 0714s1973 ag 01
040 _aAR-BaBN
_bspa
_cAR-BaBN
_eaacr
_dRIC
082 _a923.2000 H33s
100 _aHays, Brooks
245 _aA southern moderate speaks
250 _a1 ed.
260 _aChapel Hill, N.C. :
_bUniversity of North Carolina Press,
_cc1959
300 _a231 p
650 _aCristianismo-sociedad
_91412
942 _cBK
999 _c24705
_d24705